Normal view
MARC view
- Vince, John Norman Thatcher
Entry Personal Name
001 - CONTROL NUMBER
- control field: 41967
003 - CONTROL NUMBER IDENTIFIER
- control field: NUST
005 - DATE AND TIME OF LATEST TRANSACTION
- control field: 20210314132202.0
008 - FIXED-LENGTH DATA ELEMENTS
- fixed length control field: 210314|| aca||aabn | a|a d
040 ## - CATALOGING SOURCE
- Original cataloging agency: NUST
- Transcribing agency: NUST
100 ## - HEADING--PERSONAL NAME
- Personal name: Vince, John Norman Thatcher
670 ## - SOURCE DATA FOUND
- Source citation: Work cat.: (NUST): Vince, John Norman Thatcher., Power before steam /, 1985.
